<?xml version="1.0" encoding="UTF-8"?>
<record
    xmlns:xsi="http://www.w3.org/2001/XMLSchema-instance"
    xsi:schemaLocation="http://www.loc.gov/MARC21/slim http://www.loc.gov/standards/marcxml/schema/MARC21slim.xsd"
    xmlns="http://www.loc.gov/MARC21/slim">

  <leader>03942nam a22003617a 4500</leader>
  <controlfield tag="003">BI-BuBU</controlfield>
  <controlfield tag="008">160512bbd      xxu||||fr|||| 000 0 fre d</controlfield>
  <datafield tag="037" ind1=" " ind2=" ">
    <subfield code="b">Don de l'auteur</subfield>
  </datafield>
  <datafield tag="039" ind1=" " ind2=" ">
    <subfield code="a">20160512112553.0</subfield>
    <subfield code="b">Anne-Marie Nshimirimana</subfield>
  </datafield>
  <datafield tag="040" ind1=" " ind2=" ">
    <subfield code="a">BI-BuBU</subfield>
    <subfield code="b">fre</subfield>
    <subfield code="c">BI-BuBU</subfield>
    <subfield code="d">BI-BuBU</subfield>
  </datafield>
  <datafield tag="041" ind1="0" ind2=" ">
    <subfield code="a">fre</subfield>
  </datafield>
  <datafield tag="080" ind1=" " ind2=" ">
    <subfield code="a">320.</subfield>
  </datafield>
  <datafield tag="100" ind1="1" ind2=" ">
    <subfield code="4">aut.</subfield>
    <subfield code="a">Niyuhire, Blaise</subfield>
  </datafield>
  <datafield tag="245" ind1="1" ind2="0">
    <subfield code="a">Probl&#xE9;matique de la participation politique des jeunes au Burundi</subfield>
    <subfield code="b">cas de la mairie de Bujumbura (1990-2005)</subfield>
    <subfield code="c">par Blaise Niyuhire; Nicolas Hajayandi, directeur</subfield>
  </datafield>
  <datafield tag="260" ind1=" " ind2=" ">
    <subfield code="a">Bujumbura</subfield>
    <subfield code="b">Universit&#xE9; du Burundi</subfield>
    <subfield code="c">2012</subfield>
  </datafield>
  <datafield tag="300" ind1=" " ind2=" ">
    <subfield code="a">VI-85 f.</subfield>
    <subfield code="c">30 cm.</subfield>
  </datafield>
  <datafield tag="500" ind1=" " ind2=" ">
    <subfield code="3">M&#xE9;moire pr&#xE9;sent&#xE9; et d&#xE9;fendu publiquement en vue de l'obtention du dipl&#xF4;me de Licence en Histoire.</subfield>
  </datafield>
  <datafield tag="520" ind1=" " ind2=" ">
    <subfield code="a">RESUME

Le Burundi, comme nombreux pays africains est une cr&#xE9;ation coloniale.  Depuis son ind&#xE9;pendance, il est rest&#xE9; en proie aux guerres civiles opposant les deux grandes communaut&#xE9;s ethniques hutu et tutsi.  Les coups d'&#xE9;tats militaires dont sont issus la plupart des dirigeants du monopartisme (1960-1990) ont militaris&#xE9; ainsi la vie politique du pays, excluant de ce fait les jeunes de l'activit&#xE9; politique car la redistribution des postes se faisait au prorata des moyens mis en oeuvre pour soutenir  les mutins.

En date du 01Juin 1993, le Burundi &#xE9;lit son premier pr&#xE9;sident Melchior NDADAYE dans un contexte du multipartisme, un grand acquis d&#xE9;mocraique issu la conf&#xE9;rence de LA BAULE.  Trois du mois plus tard, il fut assassin&#xE9;, et le Burundi plongea dans une guerre civile sans pr&#xE9;c&#xE9;dent.  La Mairie de Bujumbura fut la proie des journ&#xE9;es dites "Villes-Mortes" et des gr&#xE8;ves g&#xE9;n&#xE9;ralis&#xE9;es.  Cette crise va pourtant exiger de tous les acteurs des m&#xE9;canismes de gestion pour pallier au vide institutionnel issu de la guerre civile que connaissait le pays, et dans un climat de violence, le d&#xE9;bat fut organis&#xE9; pour r&#xE9;gler le conflit qui venait de durer plus d'une dizaine d'ann&#xE9;es.  Ce d&#xE9;bat aboutit &#xE0; la signature de l'Accord d'Arusha pour la paix et la r&#xE9;conciliation en date du 28 Ao&#xFB;t 2000.  Le Burundi connut une p&#xE9;riode de transition qui va le conduire cinq ans plus tard &#xE0; de nouvelles &#xE9;lections qui consacra Pierre NKURUNZIZA candidat du CNDD-FDD comme pr&#xE9;sident.

L'ann&#xE9;e 2005 constitue pour les jeunes une &#xE9;tape importante parce que ces derniers vont exiger la poursuite de la d&#xE9;mocratisation du syst&#xE8;me politique burundais par la redynamisation du mouvement des jeunes au sein des partis politiques et associations afin de r&#xE9;pondre &#xE0; un malaise important li&#xE9; &#xE0; la repr&#xE9;sentativit&#xE9; des jeunes dans les organes de prise de d&#xE9;cisions.  En outre, les jeunes trouvent appui dans diff&#xE9;rents textes nationaux et internationaux qui soulignent l'importance dont rev&#xEA;t la participation des jeunes dans la prise de d&#xE9;cision.  A titre d'exemple, la charte Africaine de la jeunesse et la r&#xE9;solution A/54/120 des Nations-Unies insistent sur le r&#xF4;le que doivent jouer les jeunes dans la formulation, l'ex&#xE9;cution et l'&#xE9;valuation des politiques.  Ces instruments sont relay&#xE9;s par ceux du Burundi qui sont le Conseil National de la Jeunesse du Burundi et la Cellule de liaison des initiatives politiques des jeunes qui oeuvrent &#xE0; promouvoir les jeunes en politique et les incitent &#xE0; se faire &#xE9;lire dans diff&#xE9;rentes &#xE9;ch&#xE9;ances &#xE9;lectorales du pays.  Ainsi, dans les communales de 2005, la Mairie de Bujumbura a enregistr&#xE9; une trentaine de jeunes qui ont &#xE9;t&#xE9; &#xE9;lus membres des conseils communaux.
</subfield>
  </datafield>
  <datafield tag="600" ind1=" " ind2=" ">
    <subfield code="2">BI-BuBU</subfield>
  </datafield>
  <datafield tag="610" ind1=" " ind2=" ">
    <subfield code="2">BI-BuBU</subfield>
  </datafield>
  <datafield tag="611" ind1=" " ind2=" ">
    <subfield code="2">BI-BuBU</subfield>
  </datafield>
  <datafield tag="648" ind1=" " ind2=" ">
    <subfield code="2">BI-BuBU</subfield>
  </datafield>
  <datafield tag="650" ind1=" " ind2="7">
    <subfield code="2">BI-BuBU</subfield>
  </datafield>
  <datafield tag="651" ind1=" " ind2=" ">
    <subfield code="2">BI-BuBU</subfield>
  </datafield>
  <datafield tag="654" ind1=" " ind2=" ">
    <subfield code="2">BI-BuBU</subfield>
  </datafield>
  <datafield tag="655" ind1=" " ind2="7">
    <subfield code="2">BI-BuBU</subfield>
    <subfield code="a">fre</subfield>
    <subfield code="9">84717</subfield>
  </datafield>
  <datafield tag="662" ind1=" " ind2=" ">
    <subfield code="2">BI-BuBU</subfield>
  </datafield>
  <datafield tag="690" ind1=" " ind2=" ">
    <subfield code="2">BI-BuBU</subfield>
  </datafield>
  <datafield tag="700" ind1="1" ind2=" ">
    <subfield code="4">dir.</subfield>
    <subfield code="a">Jajayandi, Nicolas</subfield>
  </datafield>
  <datafield tag="710" ind1=" " ind2=" ">
    <subfield code="4">aut.</subfield>
    <subfield code="a">Universit&#xE9; du Burundi</subfield>
    <subfield code="b">Facult&#xE9; des Lettres et Sciences Humaines </subfield>
  </datafield>
  <datafield tag="942" ind1=" " ind2=" ">
    <subfield code="2">udc</subfield>
    <subfield code="c">MEM</subfield>
  </datafield>
  <datafield tag="999" ind1=" " ind2=" ">
    <subfield code="c">34014</subfield>
    <subfield code="d">34014</subfield>
  </datafield>
  <datafield tag="952" ind1=" " ind2=" ">
    <subfield code="0">0</subfield>
    <subfield code="1">0</subfield>
    <subfield code="2">udc</subfield>
    <subfield code="4">0</subfield>
    <subfield code="7">1</subfield>
    <subfield code="9">50037</subfield>
    <subfield code="b">BC</subfield>
    <subfield code="d">2016-05-12</subfield>
    <subfield code="e">Don de l'auteur</subfield>
    <subfield code="l">0</subfield>
    <subfield code="o">320. NIY.</subfield>
    <subfield code="p">5010000160104</subfield>
    <subfield code="r">2016-05-12</subfield>
    <subfield code="t">1</subfield>
    <subfield code="w">2016-05-12</subfield>
    <subfield code="y">MEM</subfield>
    <subfield code="a">BC</subfield>
  </datafield>
</record>
